000 00887nam a2200265Ia 4500
003 OSt
005 20220923215414.0
006 a|||||r|||| 00| 0
007 ta
008 220922b |||||||| |||| 00| 0 hin d
024 _a178,420
037 _cTextual
040 _aARTS
_cARTS
_bhin
041 _2hin
_ahin
082 _aO152,1M65w, M4
100 _aशर्मा, मुकुन्ददेव
_9156365
245 0 _aहरिऔध
246 _aHariaudha
260 _aनई दिल्ली
_b साहित्य अकादेमी
_c1984
300 _a71 पृ.
_ccm.
490 _aभारतीय साहित्य के निर्माता
650 _aहिन्दी साहित्य
_9156264
942 _hO152,1M65w, M4
_cTEXL
_2CC
999 _c331802
_d331802